Základy organickej syntézy
Salvato in:
| Autore principale: | |
|---|---|
| Natura: | Libro |
| Lingua: | slovacco |
| Pubblicazione: |
Bratislava
Alfa
1978
|
| Edizione: | 1. vyd. |
| Soggetti: | |
| Accesso online: | Visualizza in OPAC |
| Tags: |
Nessun Tag, puoi essere il primo ad aggiungerne!!
|
MARC
| LEADER | 00000nam a22000001i 4500 | ||
|---|---|---|---|
| 005 | 20260127134343.0 | ||
| 008 | 090726s1978 SK a r 001 slo d | ||
| 035 | |a vtls009912385 | ||
| 035 | |a (SVKBBclas03)vtls000192537 | ||
| 039 | 9 | |a 201808171453 |b mschk03 |c 201305270852 |d msvkbb12 |y 200907262027 |z VLOAD | |
| 040 | |a SVKBB |b slo |c SVKBB |d STUSCHK1 |e AACR2 | ||
| 041 | 0 | |a slo | |
| 080 | |a 547 (075.8) | ||
| 100 | 1 | |a Jurášek, Adolf, |d 1931-1989 |9 253 | |
| 245 | 1 | 0 | |a Základy organickej syntézy |c Adolf Jurášek |
| 250 | |a 1. vyd. | ||
| 260 | |a Bratislava |b Alfa |c 1978 | ||
| 300 | |a 389 s. |b register, obr. | ||
| 650 | 0 | 7 | |a chémia organická |x metódy syntetické. |2 h ŠVKBB |
| 910 | |a SCHK95 | ||
| 999 | |c 10621 |d 10621 | ||
| 942 | 0 | 0 | |0 1 |